LEADER 00963nam0-22003611i-450- 001 990007156160403321 005 20140327102343.0 035 $a000715616 035 $aFED01000715616 035 $a(Aleph)000715616FED01 035 $a000715616 100 $a20140327d1980----km-y0itay50------ba 101 0 $aita 102 $aIT 105 $a--------001yy 200 1 $a<>Regione Sicilia$fMaria Immordino 210 $aMilano$cGiuffrè$d1980 215 $a161 p.$d22 cm 225 1 $a<>ordinamento amministrativo delle regioni$v19 676 $a353.9$v20$zita 700 1$aImmordino,$bMaria$038625 801 0$aIT$bUNINA$gRICA$2UNIMARC 901 $aBK 912 $a990007156160403321 952 $aCN 67/19a$b843$fDDCIC 952 $aCN 67/19b$b1544$fDDCIC 952 $aH7.172$b7761$fDECTS 952 $aVI G 324$b3975$fDDA 959 $aDDCIC 959 $aDDA 959 $aDECTS 996 $aRegione Sicilia$9689765 997 $aUNINA LEADER 04546nam 22005775 450 001 9910300010803321 005 20220115020213.0 010 $a9783319767598 010 $a3319767593 024 7 $a10.1007/978-3-319-76759-8 035 $a(CKB)4100000004243738 035 $a(DE-He213)978-3-319-76759-8 035 $a(MiAaPQ)EBC5387377 035 $a(Perlego)3495043 035 $a(EXLCZ)994100000004243738 100 $a20180507d2018 u| 0 101 0 $aeng 135 $aurnn|008mamaa 181 $ctxt$2rdacontent 182 $cc$2rdamedia 183 $acr$2rdacarrier 200 10$aCommunicating National Image through Development and Diplomacy $eThe Politics of Foreign Aid /$fedited by James Pamment, Karin Gwinn Wilkins 205 $a1st ed. 2018. 210 1$aCham :$cSpringer International Publishing :$cImprint: Palgrave Macmillan,$d2018. 215 $a1 online resource (XII, 272 p. 12 illus.) 225 1 $aPalgrave Studies in Communication for Social Change,$x2634-6400 311 08$a9783319767581 311 08$a3319767585 320 $aIncludes bibliographical references at the end of each chapters and index. 327 $aChapter 1. Introduction: New Dimensions in the Politics of Image and Aid, James Pamment and Karin Gwinn Wilkins -- Chapter 2. Communication at the Crossroads of Development, Public Diplomacy & Soft Power, James Pamment -- Chapter 3. The Business of Bilateral Branding, Karin Gwinn Wilkins -- Chapter 4. Nation Branding, Neoliberal Development, and the Remaking of the Nation-State: Lessons from Post-War Kosovo, Nadia Kaneva. Chapter 5. Odd Bedfellows? U.S. Pub(l)ic Diplomacy, Colombian Industry Policy, and the Development of Sex Tourism in Cartagena, Olga Lucia & Toby Miller -- Chapter 6. Entitled to Benevolence? South Korea's Government-Sponsored Volunteers as Public Diplomacy and Development Actors, Kyung Sun (Karen) Lee -- Chapter 7. The Slow Re-unification of Development Assistance and Public Diplomacy: Exchange and Collaboration Activities Through the Swedish Institute 1973-2012, Andreas Åkerlund -- Chapter 8. State-Civil Society Partnership in International Aid and Public Diplomacy: The Case of Turkey and Somalia, Senem B. Cevik, Efe Sevin, Banu Baybars Hawks -- Chapter 9. Communicating Mexico's International Development Cooperation: An incipient Public Diplomacy strategy, Rebecka Villanueva Ulfgard -- Chapter 10. Power Relations in Development Communication and Public Diplomacy: U.S. and Chinese Practices in Afghanistan, Di Wu -- Chapter 11. Ambivalent Perception of China's "One Belt One Road" in Russia: "United Eurasia" Dream or "Metallic Band" of Containment?, Larisa Smirnova -- Chapter 12. Conclusion, Karin Gwinn Wilkins & James Pamment. 330 $aThis edited collection draws upon interdisciplinary research to explore new dimensions in the politics of image and aid. While development communication and public diplomacy are established research fields, there is little scholarship that seeks to understand how the two areas relate to one another. However, international development doctrine in the US, UK and elsewhere increasingly suggests that they are integrated-or at the very least should be-at the level of national strategy. This timely volume considers a variety of cases in diverse regions, drawing upon a combination of theoretical and conceptual lenses that combine a focus on both aid and image. The result is a text that seeks to establish a new body of knowledge on how contemporary debates into public diplomacy, soft power and the national image are fundamentally changing not just the communication of aid, but its wider strategies, modalities and practices. 410 0$aPalgrave Studies in Communication for Social Change,$x2634-6400 606 $aCommunication 606 $aCommunication in economic development 606 $aDiplomacy 606 $aMedia and Communication 606 $aDevelopment Communication 606 $aDiplomacy 615 0$aCommunication. 615 0$aCommunication in economic development. 615 0$aDiplomacy. 615 14$aMedia and Communication. 615 24$aDevelopment Communication. 615 24$aDiplomacy. 676 $a302.23 702 $aPamment$b James$4edt$4http://id.loc.gov/vocabulary/relators/edt 702 $aWilkins$b Karin Gwinn$4edt$4http://id.loc.gov/vocabulary/relators/edt 906 $aBOOK 912 $a9910300010803321 996 $aCommunicating National Image through Development and Diplomacy$91910305 997 $aUNINA